[Event "Lleida Province-ch"]
[Site "Balaguer"]
[Date "2013.10.20"]
[Round "3"]
[White "Ruiz Garcia, Lluis"]
[Black "Urpi Torrents, Ramon"]
[Result "0-1"]
[WhiteElo "1693"]
[BlackElo "2055"]
[PlyCount "78"]
[EventDate "2013.10.06"]
[EventType "swiss"]
[EventRounds "9"]
[EventCountry "ESP"]
[SourceTitle "CBM 157 Extra"]
[Source "ChessBase"]
[SourceDate "2013.12.19"]
[SourceVersion "1"]
[SourceVersionDate "2013.12.19"]
[SourceQuality "1"]

1. e4 c5 2. Nf3 e6 3. d4 cxd4 4. Nxd4 Nc6 5. Nc3 a6 6. Be2 Nf6 7. Bg5 Be7 8. 0-0 Qc7 9. Bf3 0-0 10. Re1 Ne5 11. Bf4 Nxf3+ 12. Qxf3 d6 13. e5 dxe5 14. Bxe5 Qc5 15. Rad1 Nd7 16. Qg3 Nxe5 17. Qxe5 Qxe5 18. Rxe5 Rd8 19. Ree1 Bd7 20. Nf3 Be8 21. h3 Rac8 22. Rxd8 Bxd8 23. Nd4 Ba5 24. Nde2 Bb5 25. Kf1 Bxc3 26. bxc3 Rxc3 27. Rd1 Kf8 28. Rd2 Ra3 29. Ke1 Bxe2 30. Kxe2 Rxa2 31. Kd3 Ke7 32. Kc3 Ra5 33. Kb3 Rd5 34. Re2 Kd6 35. c4 Rd3+ 36. Kc2 Rd4 37. Kc3 e5 38. Rb2 Kc6 39. Ra2 f6 0-1